Réseaux en régime permanent sinusoïdal (Record no. 12731)
[ view plain ]
| 000 -LEADER | |
|---|---|
| fixed length control field | 00774 a2200277 4500 |
| 035 ## - SYSTEM CONTROL NUMBER | |
| System control number | 7496 |
| 100 ## - VEDETTE PRINCIPALE - NOM DE PERSONNE | |
| Personal name | RIAUX, E. |
| 130 ## - VEDETTE PRINCIPALE - TITRE UNIFORME | |
| Language of a work | Fr. |
| 260 ## - PUBLICATION, DISTRIBUTION, ETC. (IMPRINT) | |
| Place of publication, distribution, etc | Paris |
| 260 ## - PUBLICATION, DISTRIBUTION, ETC. (IMPRINT) | |
| Name of publisher, distributor, etc | Armand Colin |
| 245 ## - TITLE STATEMENT | |
| Title | Réseaux en régime permanent sinusoïdal |
| 260 ## - PUBLICATION, DISTRIBUTION, ETC. (IMPRINT) | |
| Date of publication, distribution, etc | 1971 |
| 300 ## - PHYSICAL DESCRIPTION | |
| Extent | 186 p. |
| 300 ## - PHYSICAL DESCRIPTION | |
| Other physical details | ill. ; 27 cm |
| 440 ## - SERIES STATEMENT/ADDED ENTRY--TITLE | |
| Title | (Du cours aux applications technologiques) |
| 500 ## - GENERAL NOTE | |
| General note | I.U.T. - Techniciens supérieurs - Ecoles d'ingénieurs - Promotion supérieure du travail |
| 650 ## - SUBJECT ADDED ENTRY--TOPICAL TERM | |
| Topical term or geographic name as entry element | Circuits électriques |
| 700 ## - ADDED ENTRY--PERSONAL NAME | |
| Personal name | FORTIN, F. |
| 700 ## - ADDED ENTRY--PERSONAL NAME | |
| Personal name | OLLIVER, R. |
| Withdrawn status | Lost status | Damaged status | Not for loan | Location (home branch) | Sublocation or collection (holding branch) | Date acquired | Source of acquisition | Koha issues (times borrowed) | Koha full call number | Piece designation (barcode) | Koha date last seen | Price effective from | Koha item type |
|---|---|---|---|---|---|---|---|---|---|---|---|---|---|
| Bibliothèque Ecole Polytechnique d'Abomey-Calavi | Bibliothèque Ecole Polytechnique d'Abomey-Calavi | 27/02/2009 | EPAC | 621.3811/R381r | 21849EPAC | 27/02/2009 | 27/02/2009 | Livre |